Разработка технических средств повышения эффективности солнечных установок; Вестник науки Сибири; № 15 : Спецвыпуск
| Parent link: | Вестник науки Сибири: электронный научный журнал/ Томский политехнический университет (ТПУ).— , 2011-.— 2226-0064 № 15 : Спецвыпуск.— 2015.— [С. 77-82] |
|---|---|
| Autore principale: | |
| Enti autori: | , |
| Altri autori: | , |
| Riassunto: | Заглавие с титульного листа В настоящее время значительная часть территории нашей страны не охвачена централизованным электроснабжением. В данных районах применяются преимущественно дизельные станции, которые характеризуются относительно высокой себестоимостью вырабатываемой ими электроэнергии. Учитывая достаточный гелиоэнергетический потенциал энергоизолированных регионов, применение солнечной энергии в целях энергоснабжения становится весьма актуальным. В данной работе рассматривается способ и средства повышения вырабатываемой солнечными устновками в течение дня электроэнергии. Предлагается использовать разработанный солнечный трекер с активным типом слежения на основе платы управления без микроконтроллеров. Данная особенность позволяет использовать в составе электропривода коллекторный двигатель постоянного тока, что упрощает конструкцию. Рассмотрен принцип расчета параметров и выбора механизма поворота на примере конкретных солнечных панелей. |
| Lingua: | russo |
| Pubblicazione: |
2015
|
| Serie: | Энергетика |
| Soggetti: | |
| Accesso online: | http://earchive.tpu.ru/handle/11683/16785 |
| Natura: | Elettronico Capitolo di libro |
| KOHA link: | https://koha.lib.tpu.ru/cgi-bin/koha/opac-detail.pl?biblionumber=542801 |
MARC
| LEADER | 00000naa2a2200000 4500 | ||
|---|---|---|---|
| 001 | 542801 | ||
| 005 | 20240122154525.0 | ||
| 035 | |a (RuTPU)RU\TPU\prd\233309 | ||
| 035 | |a RU\TPU\prd\233307 | ||
| 090 | |a 542801 | ||
| 100 | |a 20150316d2015 k y0rusy50 ca | ||
| 101 | 0 | |a rus | |
| 102 | |a RU | ||
| 135 | |a drcn ---uucaa | ||
| 181 | 0 | |a i | |
| 182 | 0 | |a b | |
| 200 | 1 | |a Разработка технических средств повышения эффективности солнечных установок |f А. С. Петрусев, Е. Ж. Сарсикеев, Д. Ю. Ляпунов | |
| 203 | |a Текст |c электронный | ||
| 215 | |a 1 файл (773 Кб) | ||
| 225 | 1 | |a Энергетика | |
| 300 | |a Заглавие с титульного листа | ||
| 320 | |a [Библиогр.: с. 82 (8 назв.)] | ||
| 330 | |a В настоящее время значительная часть территории нашей страны не охвачена централизованным электроснабжением. В данных районах применяются преимущественно дизельные станции, которые характеризуются относительно высокой себестоимостью вырабатываемой ими электроэнергии. Учитывая достаточный гелиоэнергетический потенциал энергоизолированных регионов, применение солнечной энергии в целях энергоснабжения становится весьма актуальным. В данной работе рассматривается способ и средства повышения вырабатываемой солнечными устновками в течение дня электроэнергии. Предлагается использовать разработанный солнечный трекер с активным типом слежения на основе платы управления без микроконтроллеров. Данная особенность позволяет использовать в составе электропривода коллекторный двигатель постоянного тока, что упрощает конструкцию. Рассмотрен принцип расчета параметров и выбора механизма поворота на примере конкретных солнечных панелей. | ||
| 337 | |a Adobe Reader | ||
| 461 | 1 | |0 (RuTPU)RU\TPU\prd\143680 |x 2226-0064 |t Вестник науки Сибири |o электронный научный журнал |f Томский политехнический университет (ТПУ) |d 2011- | |
| 463 | 1 | |0 (RuTPU)RU\TPU\prd\233197 |t № 15 : Спецвыпуск |v [С. 77-82] |d 2015 | |
| 610 | 1 | |a труды учёных ТПУ | |
| 610 | 1 | |a электронный ресурс | |
| 610 | 1 | |a технические средства | |
| 610 | 1 | |a солнечные установки | |
| 610 | 1 | |a трекеры | |
| 610 | 1 | |a фотоэлектрические модули | |
| 610 | 1 | |a электроприводы | |
| 700 | 1 | |a Петрусев |b А. С. |g Александр Сергеевич | |
| 701 | 1 | |a Сарсикеев |b Е. Ж. |c специалист в области электротехники |c ассистент Томского политехнического университета |f 1987- |g Ермек Жасланович |3 (RuTPU)RU\TPU\pers\29866 | |
| 701 | 1 | |a Ляпунов |b Д. Ю. |c специалист в области электротехники |c доцент Томского политехнического университета, кандидат технических наук |f 1982- |g Данил Юрьевич |3 (RuTPU)RU\TPU\pers\26526 |9 12220 | |
| 712 | 0 | 2 | |a Национальный исследовательский Томский политехнический университет (ТПУ) |b Энергетический институт (ЭНИН) |b Кафедра электроснабжения промышленных предприятий (ЭПП) |3 (RuTPU)RU\TPU\col\18676 |
| 712 | 0 | 2 | |a Национальный исследовательский Томский политехнический университет (ТПУ) |b Энергетический институт (ЭНИН) |b Кафедра электропривода и электрооборудования (ЭПЭО) |3 (RuTPU)RU\TPU\col\18674 |
| 801 | 1 | |a RU |b 63413507 |c 20090623 |g PSBO | |
| 801 | 2 | |a RU |b 63413507 |c 20180110 |g PSBO | |
| 856 | 4 | |u http://earchive.tpu.ru/handle/11683/16785 | |
| 942 | |c BK | ||